The EU- India strategic partnership: (Record no. 146493)

MARC details
000 -LEADER
fixed length control field 00655nam a22001937a 4500
005 - DATE AND TIME OF LATEST TRANSACTION
control field 20171101105503.0
010 ## - LCCN (DPL NO)
LC control number ENG-120977
020 ## - INTERNATIONAL STANDARD BOOK NUMBER
Terms of availability 995.00
International Standard Book Number 9789385160776
035 ## - SYSTEM CONTROL NUMBER
System control number EN-104509
037 ## - SOURCE OF ACQUISITION
Source of stock number/acquisition DBAD/PUB
082 ## - DEWEY DECIMAL CLASSIFICATION NUMBER
Classification number 327.4054
245 ## - TITLE STATEMENT
Title The EU- India strategic partnership:
Remainder of title facingthe foreign policy divide /
Statement of responsibility, etc edited by Gauri Khandekar
260 ## - PUBLICATION, DISTRIBUTION, ETC. (IMPRINT)
Place of publication, distribution, etc New Delhi
Name of publisher, distributor, etc Lenin Media
Date of publication, distribution, etc 2015
270 ## - ADDRESS
Address 202, IInd Floor, 4832/24, Prahlad Street, Ansari Road, Daryaganj
City New Delhi
Postal code 110002
300 ## - PHYSICAL DESCRIPTION
Extent ix,177p.
Dimensions 22.5cm(Hb)
Other physical details ill
500 ## - GENERAL NOTE
General note Includes index
700 ## - ADDED ENTRY--PERSONAL NAME
Personal name Khandekar, Gauri
942 ## - ADDED ENTRY ELEMENTS (KOHA)
Source of classification or shelving scheme Dewey Decimal Classification
Item type English Books
Classification part 327.4054
Call number suffix THE
Holdings
Withdrawn status Lost status Not for loan Collection code Home library Current library Date acquired Source of acquisition Cost, normal purchase price Full call number Barcode Copy number Cost, replacement price Koha item type
    Not For Loan Non-fiction D.B.Act.Division Bawana 12/10/2017 DBAD/PUB 995.00 327.4054 THE EN-104509 1 995.00 English Books

© Delhi Public Library
Hit Counter
free hit counter